NLSUI OPAC header image

Motivating Bureaucracy (Record no. 37875)

MARC details
000 -LEADER
fixed length control field 00818nam a2200217Ia 4500
003 - CONTROL NUMBER IDENTIFIER
control field OSt
005 - DATE AND TIME OF LATEST TRANSACTION
control field 20220329150636.0
008 - FIXED-LENGTH DATA ELEMENTS--GENERAL INFORMATION
fixed length control field 160316s2002 xxu||||| |||| 00| 0 eng d
020 ## - INTERNATIONAL STANDARD BOOK NUMBER
International Standard Book Number 9780333937167
040 ## - CATALOGING SOURCE
Transcribing agency n
082 ## - DEWEY DECIMAL CLASSIFICATION NUMBER
Classification number 350.001000
Item number BAB
100 ## - MAIN ENTRY--PERSONAL NAME
Personal name Babu Madhavan Sathya
245 ## - TITLE STATEMENT
Title Motivating Bureaucracy
260 ## - PUBLICATION, DISTRIBUTION, ETC.
Place of publication, distribution, etc. New Delhi
Name of publisher, distributor, etc. Macmillan Publishing Co.
Date of publication, distribution, etc. 2002
300 ## - PHYSICAL DESCRIPTION
Extent 175p
Dimensions xi
365 ## - TRADE PRICE
Price amount Gratis
505 ## - FORMATTED CONTENTS NOTE
Formatted contents note Content:<br/>Chapter 1 Efficiency of public Service;<br/>Chapter 2 Motivation;<br/>Chapter 3 A Transparent and Responsive Administration;<br/>Chapter 4 Fairness and Impartiality of public Service;<br/>Chapter 5 Behavior Modification;<br/>Chapter 6 Vigilance;<br/>Chapter 7 Bureaucratic Quagmire;<br/>Appendices;<br/>Index<br/><br/><br/>
650 ## - SUBJECT ADDED ENTRY--TOPICAL TERM
Topical term or geographic name entry element 1. Bureaucracy - India
700 ## - ADDED ENTRY--PERSONAL NAME
Personal name
--
942 ## - ADDED ENTRY ELEMENTS (KOHA)
Source of classification or shelving scheme Dewey Decimal Classification
Koha item type BOOKs
Holdings
Withdrawn status Lost status Damaged status Not for loan Home library Current library Shelving location Date acquired Total Checkouts Full call number Barcode Date last seen Price effective from Koha item type
        NLS NLS Library Compactors 30/05/2017   350.001 BAB 32259 30/05/2017 30/05/2017 BOOKs